Państwa założycielskie UE - nagła śmierć - Statystyki

Ogólne statystyki
  • Ten quiz został rozwiązany 41 razy
  • Średni wynik to 4 z 6
Answers on the Grid
Answers color-coded by a green-red scale on the quiz's grid according to % correct below.
RFN
Francja
Niderlandy
Włochy
Belgia
Luksemburg
Wielka Brytania
Dania
Irlandia
Grecja
Austria
Hiszpania
Portugalia
Szwajcaria
Szwecja
Finlandia
 
Statystyki odpowiedzi
Odpowiedź % Poprawnych
Francja
78%
Belgia
70%
Niderlandy
59%
Włochy
56%
Luksemburg
48%
RFN
48%
Nie znaleziono quizów pasujących do podanych kryteriów
Rozkład punktacji
Procent ludzi z każdym wynikiem
Percentyl według liczby udzielonych odpowiedzi
Twoja historia wyników
Nie rozwiązałeś tego quizu